Statistics for Historical Figures by Letter - J

Click here to take the quiz!

General Stats

  • This quiz has been taken 71 times
  • The average score is 13 of 20

Answer Stats

HintFigure% Correct
Founder of Christianity, crucified by the RomansJesus Christ
100%
U.S. President who wrote the Declaration of IndependenceThomas Jefferson
100%
Peasant girl who became a French military leaderJoan of Arc
100%
He founded the AppleSteve Jobs
95%
Polish pope elected in 1978John Paul II
95%
Unidentified serial killer of Victorian LondonJack the Ripper
91%
U.S. President who wanted a "Great Society" and succeeded JFKLyndon B. Johnson
89%
Name of the wife of NapoleonJosephine
85%
Scottish who king became king of England and Ireland in 1603James VI
85%
Irish novelist who published "Ulysses" in 1922James Joyce
83%
Swiss psychiatrist who founded analytical psychologyCarl Jung
73%
He founded the Democratic Party and fought 13 duelsAndrew Jackson
58%
Byzantine emperor who reconquered ItalyJustinian
56%
His sons became the 12 tribesJacob
50%
Ragtime composer of "The Entertainer"Scott Joplin
50%
Fugees singer who tried to run for President of HaitiWyclef Jean
48%
Queen of the Netherlands between 1948-1980Juliana
27%
Leader of the All-India Muslim League who founded PakistanMuhammad Ali Jinnah
24%
Chinese paramount leader who introduced the term "socialist market economy"Jiang Zemin
20%
Brazilian composer of "Girl From Ipanema"Antônio Carlos Jobim
11%

Score Distribution

Percentile by Number Answered

Percent of People with Each Score

Your Score History

You have not taken this quiz